Suplementos de vitamina A: guia para su uso en el tratamiento y la prevencion de la deficiencia de vitamina A y de la xeroftalmia (Registro nro. 2042)
[ vista simple ]
| 000 -LEADER | |
|---|---|
| fixed length control field | 01037nam a22002897a 4500 |
| 003 - CONTROL NUMBER IDENTIFIER | |
| control field | OSt |
| 005 - FECHA ULTIMA MODIFICACION | |
| control field | 20131108122251.0 |
| 008 - FIXED-LENGTH DATA ELEMENTS--GENERAL INFORMATION | |
| fixed length control field | 131108s1998 sz ||||| |||| 00| 0 spa d |
| 020 ## - INTERNATIONAL STANDARD BOOK NUMBER | |
| International Standard Book Number | 92-4-354506-X |
| 040 ## - CATALOGING SOURCE | |
| Transcribing agency | Biblioteca Medicina |
| 041 ## - LANGUAGE CODE | |
| Language code of text/sound track or separate title | spa |
| 082 ## - DEWEY DECIMAL CLASSIFICATION NUMBER | |
| Classification number | OMS QU 167 |
| 110 ## - MAIN ENTRY--CORPORATE NAME | |
| Corporate name or jurisdiction name as entry element | Organizacion Mundial de la Salud |
| 9 (RLIN) | 1006 |
| 245 00 - TITLE STATEMENT | |
| Title | Suplementos de vitamina A: guia para su uso en el tratamiento y la prevencion de la deficiencia de vitamina A y de la xeroftalmia |
| 250 ## - EDITION STATEMENT | |
| Edition statement | 2°ed. |
| 260 ## - PUBLICATION, DISTRIBUTION, ETC. (IMPRINT) | |
| Place of publication, distribution, etc | Ginebra |
| Name of publisher, distributor, etc | Organizacion Mundial de la Salud |
| Date of publication, distribution, etc | 1998 |
| 300 ## - PHYSICAL DESCRIPTION | |
| Extent | 30 p. |
| 653 ## - INDEX TERM--UNCONTROLLED | |
| Uncontrolled term | VITAMINA A-ADMINISTRACION & DOSIFICACION |
| 653 ## - INDEX TERM--UNCONTROLLED | |
| Uncontrolled term | VITAMINA A-USO TERAPEUTICO |
| 653 ## - INDEX TERM--UNCONTROLLED | |
| Uncontrolled term | XEROFTALMIA-QUIMIOTERAPIA |
| 653 ## - INDEX TERM--UNCONTROLLED | |
| Uncontrolled term | XEROFTALMIA-PREVENCION Y CONTROL |
| 653 ## - INDEX TERM--UNCONTROLLED | |
| Uncontrolled term | DEFICIENCIA DE VITAMINA A-QUIMIOTERAPIA |
| 653 ## - INDEX TERM--UNCONTROLLED | |
| Uncontrolled term | DEFICIENCIA DE VITAMINA A-PREVENCION Y CONTROL |
| 653 ## - INDEX TERM--UNCONTROLLED | |
| Uncontrolled term | PAUTAS |
| 942 ## - ADDED ENTRY ELEMENTS (KOHA) | |
| Source of classification or shelving scheme | Dewey Decimal Classification |
| Koha item type | Hemeroteca |
| Withdrawn status | Lost status | Fuente de clasificación | Damaged status | Not for loan | Ubicación permanente | Ubicación actual | Sala de ubicación | Fecha de adquisición | Total Checkouts | Número de clasificación | Código de barras | Date last seen | Número de ejemplar | Price effective from | Koha tipo de elemento (item) |
|---|---|---|---|---|---|---|---|---|---|---|---|---|---|---|---|
| Dewey Decimal Classification | Biblioteca Medicina | Biblioteca Medicina | Circulación | 08/11/2013 | OMS QU 167 | H0288 | 06/11/2014 | Ej. 1 | 08/11/2013 | Hemeroteca |